Shared Baseball First names #2 - Statistics

General Stats
  • This quiz has been taken 219 times
  • The average score is 13 of 18
Answer Stats
Last Names Shared First Name % Correct
Biggio, Kimbrel Craig
94%
Alomar, Koufax Sandy
93%
Glavine, Seaver Tom
89%
Zimmerman, Howard, Braun Ryan
88%
Santana, Baerga, Delgado Carlos
86%
Campanella, Halladay Roy
86%
Cochrane, Mantle, Tettleton Mickey
85%
Winfield, Stewart Dave
81%
Rollins, Key Jimmy
81%
Adams, Kemp, Carpenter Matt
78%
Ethier, Dawson Andre
77%
Valenzuela, Rodney Fernando
75%
Grove, Gomez, O'Doul Lefty
68%
Griffin, Burnett, Pierzynski A.J.
67%
Palmeiro, Soriano Rafael
63%
Carter, Carpenter Chris
53%
Williams, Moreland Mitch
50%
Crawford, Rice Sam
27%
No matching quizzes found
Score Distribution
Percent of People with Each Score
Percentile by Number Answered
Your Score History
You have not taken this quiz